000
00433nam a2200145Ia 4500
008
100204s9999 xx 000 0 und d
082
_b
15113
100
_a
बांदोडकर गो. पु.
245
_a
भागीदार
260
_b
"प्रिया प्रकाशन, मुंबई"
_c
1991
300
_a
212
630
_a
भागीदार
730
_a
भागीदार
942
_c
BOOK
999
_c
459544
_d
459541